00308pab a2200133 454500008004000000100002700040245002900067260000900096300000800105362001100113650001600124650002400140773001000164180718b1995 xxu||||| |||| 00| 0 eng d aSubramanian, Garimella aIs prohibition the cure? c1995 ap.8 a19 May aLiquor laws aProhibition - India aHindu